000 00720nam a2200289Ia 4500
005 20260324112612.0
008 008 260324s9999 xx 000 0 eng d
020 _a9781003036883
037 _aEBOOK
040 _aCRL
040 _beng
040 _cCRL
041 _2eng
041 _aeng
084 _qCRL
100 _aBertha Du-Babcock; Richard D. D. Babcock
_91143379
245 4 _aThe Art of Intercultural Business Communication
245 2 _bA Competency-Based Approach
260 _bTaylor and Francis
260 _c2024
365 _a
365 _b205
856 _uhttp://www.taylorfrancis.com/books/9781003036883
942 _cEBOOK
999 _c1732644
_d1732644